Montes municipales públicos en general y de particulares (Record no. 55978)

MARC details
000 -LEADER
campo de control de longitud fija 00621nam a2200169 i 4500
001 - NÚMERO DE CONTROL
campo de control 55978
003 - IDENTIFICADOR DE NÚMERO DE CONTROL
campo de control ES-MaACL
005 - FECHA Y HORA DE LA ÚLTIMA TRANSACCIÓN
campo de control 20230906163247.0
007 - CAMPO FIJO DE DESCRIPCIÓN FÍSICA--INFORMACIÓN GENERAL
campo de control de longitud fija t|
008 - DATOS DE LONGITUD FIJA--INFORMACIÓN GENERAL
campo de control de longitud fija 031001s1963 sp ||||1| spa d
100 1# - ENTRADA PRINCIPAL--NOMBRE DE PERSONA
Nombre de persona Díaz de Lariva, Angel.
9 (RLIN) 44238
245 10 - MENCIÓN DEL TÍTULO
Título Montes municipales públicos en general y de particulares
Resto del título : legislación, jurisprudencia, comentarios y concordancias /
Mención de responsabilidad, etc. Angel Díaz de Lariva, Gumersindo Guerra Lehero y Arroyo.
260 ## - PUBLICACIÓN, DISTRIBUCIÓN, ETC.
Lugar de publicación, distribución, etc. Madrid :
Nombre del editor, distribuidor, etc. Municipalia,
Fecha de publicación, distribución, etc. 1963.
300 ## - DESCRIPCIÓN FÍSICA
Extensión 918 p. ;
Dimensiones 21 cm.
700 1# - ENTRADA AGREGADA--NOMBRE PERSONAL
Nombre de persona Guerra Lehero y Arroyo, Gumersindo.
9 (RLIN) 60519
852 ## - LOCALIZACIÓN
Ubicación ES-MaACL
Número de control de estantería C-23500
Sublocalización o colección R.51905
Holdings
Estatus retirado Estado de pérdida Estado de daño No para préstamo Biblioteca de origen Biblioteca actual Ubicación en estantería Fecha de adquisición Fuente de adquisición Total de préstamos Signatura topográfica completa Código de barras Visto por última vez Precio de reemplazo Tipo de ítem Koha
        Biblioteca del Ateneo de Madrid Biblioteca del Ateneo de Madrid Depósito 2 17/01/2008     C-23500 1058799 23/02/2023 23/02/2023 Libro impreso